Movie iPhone Cases Quiz Stats

 Plays Quiz Updated Jan 21, 2016

Challenge
Share
Tweet
Score 0/25 Timer 10:00
3 Plays Today
% Correct
Jaws
96.9%
King Kong
96.7%
Shrek
96.6%
The Avengers
96.4%
The Lion King
96.3%
Up
95.3%
The Wizard of Oz
94.9%
Lady and the Tramp
93.2%
Toy Story
91.6%
The Dark Knight
91.3%
Godzilla
90.1%
Alien
88.7%
The Shining
88.4%
% Correct
Silence of the Lambs
87.8%
Pulp Fiction
87.3%
Planet of the Apes
84.2%
Back to the Future
83.4%
Tron
76.9%
Star Wars
76%
Goodfellas
75.1%
The Big Lebowski
70.5%
Lord of the Rings: The Return of the King
66%
Donnie Darko
62%
Frankenweenie
46.5%
A Trip to the Moon
16%

You're not logged in!

Compare scores with friends on all Sporcle quizzes.
Join for Free
OR
Log In

You Might Also Like...

Show Comments

Extras

Top Quizzes Today


Score Distribution

Your Account Isn't Verified!

In order to create a playlist on Sporcle, you need to verify the email address you used during registration. Go to your Sporcle Settings to finish the process.

Report this User

Report this user for behavior that violates our Community Guidelines.

Details: